Zadáno pro film [melodie z filmů a televizních seriálů]

Corporate Author: Filmový symfonický orchestr
Other Authors: Belfín, František, 1923-1997, Koníček, Štěpán, 1928-2006
Language: Czech
Published: Praha : Supraphon Music, p2009
Physical Description: 1 zvuková deska (71:30) : digital, stereo ; 12 cm
Audio
Saved in:
LEADER 02113njm a2200385 a 4500
001 000933789
003 CZ BrMZK
005 20090929133733.0
007 sd fsngnnmmned
008 090317s2009 xr mpn g cze d
024 3 |a 099925595524 
028 3 1 |a SU 5955-2  |b Supraphon Music 
040 |a BOA001  |b cze 
072 7 |a 785  |x Instrumentální hudba. Symfonická hudba. Hudba pro více nástrojů  |2 Konspekt  |9 9 
080 |a 78:791.636  |2 MRF 
080 |a (086.76)  |2 MRF 
245 0 0 |a Zadáno pro film  |h [zvukový záznam] :  |b [melodie z filmů a televizních seriálů] 
260 |a Praha :  |b Supraphon Music,  |c p2009 
300 |a 1 zvuková deska (71:30) :  |b digital, stereo ;  |c 12 cm 
306 |a 011130 
500 |a Kompaktní deska (AAD) 
500 |a Kompilace 
500 |a Původní fonogramy p1984 Panton (1-18, p1976 Panton (19-24) 
505 0 0 |t Když máš v chalupě orchestrion --  |t Byl jednou jeden dům --  |t Zítra to roztočíme, drahoušku --  |t Muž na radnici --  |t Šťastnou cstu! --  |t Afrika (Na rovníku) --  |t Děti vesmíru --  |t Sao Paulo --  |t Pan Tau --  |t Útek zo zlatej krajiny --  |t Postřižiny --  |t Budu tvou klávesou --  |t Rozpuštěný a vypuštěný --  |t Slunečný den --  |t Příště budeme chytřejší, staroušku --  |t Nemocnice na kraji města --  |t 30 případů majora Zemana --  |t Dobrá voda --  |t Princ Bajaja --  |t Strakonický dudák --  |t Případ mrtvého muže --  |t Babička --  |t Stříbrný vítr --  |t Odvážná slečna 
511 0 |a Filmový symfonický orchestr, dirigent František Belfín, Štěpán Koníček 
518 |a Nahráno v roce 1984 ve studiuSmetanova divadla (1-18) a v roce 1975 ve studiu Fisyo (19-24) 
650 0 7 |a filmová hudba  |7 ph120185  |2 czenas 
655 7 |a kompaktní desky  |7 fd201991  |2 czenas 
700 1 |a Belfín, František,  |d 1923-1997  |7 jk01011426  |4 cnd 
700 1 |a Koníček, Štěpán,  |d 1928-2006  |7 jn19990209381  |4 cnd 
710 2 |a Filmový symfonický orchestr  |7 kn20010710195 
910 |a BOA001  |b CD-0015.185 
990 |a AV 
991 |b 200903 
996 6 |b 261H016852  |c CD-0015.185  |l MZK  |r Sklad / do 24 hodin  |n 4  |w 000933789  |u 000010  |a 1  |e BOA001  |j MZK50  |s P